书目信息 |
| 题名: |
亨利·福特商道
|
|
| 作者: | 福特 , 福特 著 ;汝敏 译 | |
| 分册: | ||
| 出版信息: | 北京 中国城市出版社 2006 |
|
| 页数: | 274页 | |
| 开本: | 23cm | |
| 丛书名: | ||
| 单 册: | ||
| 中图分类: | F471.264 | |
| 科图分类: | ||
| 主题词: | 工业经济 , 国际贸易 , 汽车工业--Qi Che Gong Ye--工业企业管理--经验--美国 | |
| 电子资源: | ||
| ISBN: | 7-5074-1727-1 | |
| 000 | 00848nam0 2200289 450 | |
| 001 | CAL 012006020338 | |
| 005 | 20061120161820.46 | |
| 010 | @a7-5074-1727-1@dCNY 28.00 | |
| 099 | @aCAL 012006020338 | |
| 100 | @a20060301d2006 ekmy0chiy0121 ea | |
| 101 | 0 | @achi |
| 102 | @aCN@b110000 | |
| 105 | @aa z 000yy | |
| 200 | 1 | @a亨利·福特商道@AHeng Li ·fu Te Shang Dao@e勇往直前@f(美)福特著@F(mei)fu te zhu@g汝敏译 |
| 210 | @a北京@c中国城市出版社@d2006 | |
| 215 | @a274页@c图@d23cm | |
| 517 | 0 | @a勇往直前@AYong Wang Zhi Qian |
| 606 | 0 | @a工业经济 |
| 606 | 0 | @a国际贸易 |
| 606 | 0 | @a汽车工业@AQi Che Gong Ye@x工业企业管理@x经验@y美国 |
| 690 | @aF471.264@v4 | |
| 701 | 0 | @a福特@Afu te@4著 |
| 701 | 1 | @a福特@AFu Te@b亨利@4著 |
| 702 | 0 | @a汝敏@ARu Min@4译 |
| 801 | @aCN@c20061120 | |
| 905 | @a10447@dF471.264@eF760 | |
| 998 | @aHBG | |
| 亨利·福特商道:勇往直前/(美)福特著/汝敏译.-北京:中国城市出版社,2006 |
| 274页:图;23cm |
| ISBN 7-5074-1727-1:CNY 28.00 |
| ● |
| 相关链接 |
|
|
|
正题名:亨利·福特商道
索取号:F471.264/F760
 
预约/预借
| 序号 | 登录号 | 条形码 | 馆藏地/架位号 | 状态 | 备注 |
| 1 | 612302 | 206123023 | 社科库409/409社科库 37排3列5层/ [索取号:F471.264/F760] | 在馆 | |
| 2 | 612303 | 206123032 | 社科库409/400B社科库 3排4列2层/ [索取号:F471.264/F760] | 在馆 | |
| 3 | 612304 | 206123041 | 社科二线422/409社科库 37排3列5层/ [索取号:F471.264/F760] | 在馆 |